| 000 | 00750nam a2200229 i 4500 | ||
|---|---|---|---|
| 001 | 79972 | ||
| 003 | ES-MaACL | ||
| 005 | 20251114151306.0 | ||
| 007 | t| | ||
| 008 | 041025s1968 sp ||||1| spa d | ||
| 100 | 1 |
_aHille, Wilhelm. _963717 |
|
| 245 | 1 | 0 |
_aElectricidad / _cpor Wilhelm Hille y Otto Schneider ; [traducción José Funque ; revisada por Juan Corrales Martín]. |
| 250 | _a[1ª ed.]. | ||
| 260 |
_aBarcelona : _bLabor, _c1968. |
||
| 300 |
_aXII, 273 p. : _bil. ; _c23 cm. |
||
| 650 | 0 | 7 |
_aElectricidad _2embne _912159 |
| 700 | 1 |
_aSchneider, Otto. _9104573 |
|
| 700 | 1 |
_aFunque, José. _953033 |
|
| 700 | 1 |
_aCorrales Martín, Juan, _d1907-2000 _940736 |
|
| 852 |
_aES-MaACL _jC-34042 _bR.64851 |
||
| 999 |
_c79972 _d79972 |
||